00475nam a2200169Ia 4500003000900000008004100009040001600050080001600066100002100082245007000103250001200173260003300185300001400218490003000232650002300262650002000285IN-BaIIA211028s9999 xx 000 0 eng d cIIA Library a535.31bROB aRobertson, J. K. 0aIntroduction to opticsbgeometrical and physicalcJ. K. Robertson a4th ed. aNew YorkbVan Nostrandc1954 axv, 416p. aUniversity physics series aGeometrical Optics aPhysical Optics